HTML, javascript, dhtml and php (Record no. 6025)
[ view plain ]
| 000 -LEADER | |
|---|---|
| fixed length control field | 00417nam a2200169Ia 4500 |
| 008 - FIXED-LENGTH DATA ELEMENTS--GENERAL INFORMATION | |
| fixed length control field | 230711s9999||||xx |||||||||||||| ||und|| |
| 020 ## - INTERNATIONAL STANDARD BOOK NUMBER | |
| International Standard Book Number | 978-81-8333-008-4 |
| 041 ## - LANGUAGE CODE | |
| Language code of text/sound track or separate title | ENG |
| 082 ## - DEWEY DECIMAL CLASSIFICATION NUMBER | |
| Classification number | 5.133 |
| Item number | BA-H |
| 100 ## - MAIN ENTRY--PERSONAL NAME | |
| Personal name | Bayross,Ivan |
| 245 #0 - TITLE STATEMENT | |
| Title | HTML, javascript, dhtml and php |
| 250 ## - EDITION STATEMENT | |
| Edition statement | 4th Ed. |
| 260 ## - PUBLICATION, DISTRIBUTION, ETC. | |
| Date of publication, distribution, etc. | 2010 |
| Place of publication, distribution, etc. | New Delhi |
| Name of publisher, distributor, etc. | BPB Publications |
| 300 ## - PHYSICAL DESCRIPTION | |
| Extent | 539p. |
| 650 ## - SUBJECT ADDED ENTRY--TOPICAL TERM | |
| Topical term or geographic name entry element | Computer Engineering |
| 942 ## - ADDED ENTRY ELEMENTS (KOHA) | |
| Koha item type | Book |
| Withdrawn status | Lost status | Damaged status | Not for loan | Collection | Home library | Current library | Date acquired | Cost, normal purchase price | Inventory number | Total checkouts | Full call number | Barcode | Date last seen | Price effective from | Koha item type | Date last checked out |
|---|---|---|---|---|---|---|---|---|---|---|---|---|---|---|---|---|
| MRSPTU Central Library | MRSPTU Central Library | 399.00 | 4042517 | 5.133 BA-H | 33067 | 08/17/2023 | 08/17/2023 | Book | ||||||||
| MRSPTU Central Library | MRSPTU Central Library | 399.00 | 4042517 | 5.133 BA-H | 33068 | 08/17/2023 | 08/17/2023 | Book | ||||||||
| MRSPTU Central Library | MRSPTU Central Library | 399.00 | 4042517 | 3 | 5.133 BA-H | 33069 | 12/08/2025 | 08/17/2023 | Book | 09/23/2025 | ||||||
| MRSPTU Central Library | MRSPTU Central Library | 399.00 | 4042517 | 2 | 5.133 BA-H | 33070 | 11/18/2025 | 08/17/2023 | Book | 08/21/2025 | ||||||
| MRSPTU Central Library | MRSPTU Central Library | 399.00 | 4042517 | 1 | 5.133 BA-H | 33071 | 05/06/2024 | 08/17/2023 | Book | 02/22/2024 | ||||||
| MRSPTU Central Library | MRSPTU Central Library | 399.00 | 4042517 | 3 | 5.133 BA-H | 33072 | 12/18/2025 | 08/17/2023 | Book | 11/26/2025 | ||||||
| MRSPTU Central Library | MRSPTU Central Library | 399.00 | 4042517 | 2 | 5.133 BA-H | 33073 | 12/11/2025 | 08/17/2023 | Book | 10/28/2025 | ||||||
| MRSPTU Central Library | MRSPTU Central Library | 399.00 | 4042517 | 1 | 5.133 BA-H | 33074 | 10/21/2024 | 08/17/2023 | Book | 09/26/2024 | ||||||
| MRSPTU Central Library | MRSPTU Central Library | 399.00 | 4042517 | 1 | 5.133 BA-H | 33075 | 09/20/2024 | 08/17/2023 | Book | 09/05/2024 | ||||||
| MRSPTU Central Library | MRSPTU Central Library | 399.00 | 4042517 | 6 | 5.133 BA-H | 33076 | 12/30/2025 | 08/17/2023 | Book | 11/06/2025 |
